Primer seminario sobre administración de la demanda de electricidad : Análisis de la eficiencia del sector eléctrico de Costa Rica
Guardado en:
| Hovedforfatter: | |
|---|---|
| Format: | Ukendt |
| Sprog: | Spanish |
| Udgivet: |
[San José , Costa Rica]: [editor no identificado],
1991
|
| Fag: | |
| Tags: |
Tilføj Tag
Ingen Tags, Vær først til at tagge denne postø!
|
MARC
| LEADER | 00000 a2200000 4500 | ||
|---|---|---|---|
| 003 | 001896 | ||
| 005 | 20221231143826.0 | ||
| 008 | 140114s1991 cr a 000 ||spa d | ||
| 040 | |c cru CEDI | ||
| 082 | |a 621.3 R666p | ||
| 100 | |a Robles V., Hernán |9 13957 | ||
| 245 | |a Primer seminario sobre administración de la demanda de electricidad : Análisis de la eficiencia del sector eléctrico de Costa Rica | ||
| 260 | |c 1991 |a [San José , Costa Rica]: [editor no identificado], | ||
| 300 | |a [51] páginas ; ilustraciones |b fotocopia | ||
| 500 | |a Datos tomado de la portada. Esfuerzo desarrollado con la participación del AID, ICE, DSE (Empresa consultora . RCG/HAGLER, BAILLY, INC.) | ||
| 650 | |x SECTOR ELECTRICO COSTA RICA |9 20913 | ||
| 942 | |2 ddc |c BK | ||
| 999 | |c 12632 |d 12632 | ||
